000 00267nam a2200121Ia 4500
008 190216s9999||||xx |||||||||||||| ||und||
100 _aDhoomakethu
245 0 _aHindi-Vaishali
260 _bKala Sahithya Samsthan
300 _a191
650 _aHindi
942 _cBK
999 _c16321
_d16321